Movies Quiz

Random Movies or Actor Quiz

The Lorax Voices Quiz Stats

 Plays Quiz not verified by Sporcle

Challenge
Share
Tweet
Embed
Score 0/10 Timer 05:00
0 Plays Today
Character Name Actor/Actress % Correct
AudreyTaylor Swift
93.2%
TedZac Efron
81.8%
The LoraxDanny DeVito
69.2%
Grammy NormaBetty White
67.5%
The Once-lerEd Helms
49.6%
Mr. O'HareRob Riggle
24.5%
Ted's MomJenny Slate
22.5%
Once-ler's MomNasim Pedrad
15.4%
Brett/ChetDanny Cooksey
13.7%
Uncle UbbStephen Tobolowsky
12.3%

You're not logged in!

Compare scores with friends on all Sporcle quizzes.
OR
Log In

You Might Also Like...

Show Comments

Extras

Top Quizzes Today


Score Distribution

Your Account Isn't Verified!

In order to create a playlist on Sporcle, you need to verify the email address you used during registration. Go to your Sporcle Settings to finish the process.

Report this User

Report this user for behavior that violates our Community Guidelines.

Details: